| 000 | 00360 a2200157 4500 | ||
|---|---|---|---|
| 001 | 46280 | ||
| 020 | _a978-85-7406-538-0 | ||
| 040 | _cAnchieta - Aquarius | ||
| 100 | _aMachado, Dalcio | ||
| 240 | 1 | 0 |
_a*Não brinque com a comida _lpor |
| 245 | 1 | 0 | _a*Não brinque com a comida |
| 300 | _a | ||
| 362 | 0 | _a2012 | |
| 650 | 4 | _aLiteratura infantil | |
| 942 | _cBK | ||
| 999 |
_c46280 _d46280 |
||